Score 0/14 Timer 03:00
0 Plays Today
Scramble Word % Correct
OGGO
100%
MYGGYM
99.7%
ULGEGLUE
97.6%
LHUGOGHOUL
81.6%
NMADRAGGRANDMA
51%
GINSUEGENIUS
40.5%
NYGTOUTLGLUTTONY
28.3%
Scramble Word % Correct
AUODNAGTRIGRADUATION
16.1%
GNGTARIHEGATHERING
15.9%
ALYIORNALGATVITGRAVITATIONALLY
14.8%
RATIONNELIGEZAGENERALIZATION
14.6%
GAIRGEDBRENGINGERBREAD
10.4%
HPALICOGGRAEGEOGRAPHICAL
10.4%
OTGBTELIGTRONGLOBETROTTING
6.5%
Remove Ads.
Support Sporcle.
Get the best of Sporcle when you Go Orange. This ad-free experience offers more features, more stats, and more fun while also helping to support Sporcle. Thank you for becoming a member.

You're not logged in!

Compare scores with friends on all Sporcle quizzes.
OR
Log In

Show Comments

Extras

Top Quizzes Today


Score Distribution

Your Account Isn't Verified!

In order to create a playlist on Sporcle, you need to verify the email address you used during registration. Go to your Sporcle Settings to finish the process.

Report this User

Report this user for behavior that violates our Community Guidelines.

Details: